<?xml version="1.0" encoding="UTF-8"?>
<record
    xmlns:xsi="http://www.w3.org/2001/XMLSchema-instance"
    xsi:schemaLocation="http://www.loc.gov/MARC21/slim http://www.loc.gov/standards/marcxml/schema/MARC21slim.xsd"
    xmlns="http://www.loc.gov/MARC21/slim">

  <leader>02199cam a2200313 a 4500</leader>
  <controlfield tag="001">187886</controlfield>
  <controlfield tag="003">OSt</controlfield>
  <controlfield tag="005">20210921121036.0</controlfield>
  <controlfield tag="008">030323s2002    sp      r     00011 spa d</controlfield>
  <datafield tag="020" ind1=" " ind2=" ">
    <subfield code="a">9788420684246</subfield>
  </datafield>
  <datafield tag="035" ind1=" " ind2=" ">
    <subfield code="a">AHP4218 LA</subfield>
  </datafield>
  <datafield tag="040" ind1=" " ind2=" ">
    <subfield code="a">la </subfield>
    <subfield code="c">CO-MqBPB</subfield>
  </datafield>
  <datafield tag="041" ind1="1" ind2=" ">
    <subfield code="a">spa </subfield>
    <subfield code="h">fre</subfield>
  </datafield>
  <datafield tag="043" ind1=" " ind2=" ">
    <subfield code="a">e-fr---</subfield>
  </datafield>
  <datafield tag="082" ind1="0" ind2="4">
    <subfield code="a">844.91 </subfield>
    <subfield code="b">C15c </subfield>
  </datafield>
  <datafield tag="100" ind1="1" ind2=" ">
    <subfield code="a">Camus, Albert, </subfield>
    <subfield code="d">1913-1960.</subfield>
  </datafield>
  <datafield tag="245" ind1="1" ind2="0">
    <subfield code="a">Cr&#xF3;nicas (1944-1953) / </subfield>
    <subfield code="c">Albert Camus ; traductor Esther Ben&#xED;tez Eiroa.</subfield>
  </datafield>
  <datafield tag="260" ind1=" " ind2=" ">
    <subfield code="a">Madrid : </subfield>
    <subfield code="b">Alianza, </subfield>
    <subfield code="c">2002.</subfield>
  </datafield>
  <datafield tag="300" ind1=" " ind2=" ">
    <subfield code="a">293 p. ; </subfield>
    <subfield code="c">18 cm.</subfield>
  </datafield>
  <datafield tag="440" ind1=" " ind2="3">
    <subfield code="a">El libro de bolsillo. </subfield>
    <subfield code="p">Biblioteca de autor ; </subfield>
    <subfield code="v">0665</subfield>
  </datafield>
  <datafield tag="440" ind1=" " ind2="0">
    <subfield code="a">Biblioteca Camus</subfield>
  </datafield>
  <datafield tag="500" ind1=" " ind2=" ">
    <subfield code="a">Sinopsis de CRONICAS (1944-1953)
Testimonio y balance de unos a&#xF1;os cr&#xED;ticos de la vida p&#xFA;blica francesa, los textos recogidos en &#xAB;Cr&#xF3;nicas&#xBB; (1944-1953) configuran un retrato inestimable de la postura de Albert Camus (1913-1960) ante el conflictivo y desgarrado mundo que lo rodea. &#xAB;La verdadera desesperanza -&#xAD;escribe Camus en un prefacio cargado de vigencia&#xAD;- proviene de que no sabemos ya nuestras razones para luchar o, precisamente, si debemos luchar. Las p&#xE1;ginas siguientes afirman simplemente que, aunque la lucha es dif&#xED;cil, las razones para luchar, al menos, siguen siendo claras.&#xBB;
Testimonio y balance de unos a&#xF1;os cr&#xED;ticos de la vida p&#xFA;blica francesa, los textos recogidos en &#xAB;Cr&#xF3;nicas&#xBB; (1944-1953) configuran un retrato inestimable de la postura de Albert Camus (1913-1960) ante el conflictivo y desgarrado mundo que lo rodea. &#xAB;La verdadera desesperanza -&#xAD;escribe Camus en un prefacio cargado de vigencia&#xAD;- proviene de que no sabemos ya nuestras razones para luchar o, precisamente, si debemos luchar. Las p&#xE1;ginas siguientes afirman simplemente que, aunque la lucha es dif&#xED;cil, las razones para luchar, al menos, siguen siendo claras.&#xBB;</subfield>
  </datafield>
  <datafield tag="534" ind1=" " ind2=" ">
    <subfield code="p">T&#xFFFD;tulo original. </subfield>
    <subfield code="t">Actuelles. Acrits politiques. Tome I: Chroniques (1944-1948). Tome II: Chroniques (1948-1953).</subfield>
  </datafield>
  <datafield tag="600" ind1="1" ind2="6">
    <subfield code="a">Camus, Albert, </subfield>
    <subfield code="d">1913-1960</subfield>
    <subfield code="v"> Colecciones de escritos.</subfield>
  </datafield>
  <datafield tag="650" ind1=" " ind2=" ">
    <subfield code="a">Ensayos franceses.</subfield>
  </datafield>
  <datafield tag="700" ind1="1" ind2=" ">
    <subfield code="a">Ben&#xFFFD;tez Eiroa, Mar&#xFFFD;a Esther, </subfield>
    <subfield code="d">1937-2001, </subfield>
    <subfield code="e">tr.</subfield>
  </datafield>
  <datafield tag="942" ind1=" " ind2=" ">
    <subfield code="2">ddc</subfield>
    <subfield code="c">BKLIT</subfield>
  </datafield>
  <datafield tag="949" ind1=" " ind2=" ">
    <subfield code="a">n   </subfield>
    <subfield code="b">n</subfield>
  </datafield>
  <datafield tag="999" ind1=" " ind2=" ">
    <subfield code="c">13835</subfield>
    <subfield code="d">13835</subfield>
  </datafield>
  <datafield tag="952" ind1=" " ind2=" ">
    <subfield code="0">0</subfield>
    <subfield code="1">0</subfield>
    <subfield code="2">ddc</subfield>
    <subfield code="4">0</subfield>
    <subfield code="7">0</subfield>
    <subfield code="8">GEN</subfield>
    <subfield code="a">BPMOS</subfield>
    <subfield code="b">BPMOS</subfield>
    <subfield code="d">2021-09-21</subfield>
    <subfield code="e">COMPRA</subfield>
    <subfield code="l">3</subfield>
    <subfield code="m">1</subfield>
    <subfield code="o">844.91  C15c </subfield>
    <subfield code="p">MOS501691</subfield>
    <subfield code="r">2025-02-20</subfield>
    <subfield code="s">2025-02-03</subfield>
    <subfield code="t">ej 1</subfield>
    <subfield code="w">2021-09-21</subfield>
    <subfield code="y">BK</subfield>
    <subfield code="z">Ocho dias</subfield>
  </datafield>
  <datafield tag="952" ind1=" " ind2=" ">
    <subfield code="0">0</subfield>
    <subfield code="1">0</subfield>
    <subfield code="2">ddc</subfield>
    <subfield code="4">0</subfield>
    <subfield code="7">0</subfield>
    <subfield code="8">GEN</subfield>
    <subfield code="a">BPMOS</subfield>
    <subfield code="b">BPMOS</subfield>
    <subfield code="d">2021-09-21</subfield>
    <subfield code="e">COMPRA</subfield>
    <subfield code="l">4</subfield>
    <subfield code="m">2</subfield>
    <subfield code="o">844.91  C15c </subfield>
    <subfield code="p">MOS501692</subfield>
    <subfield code="r">2024-07-19</subfield>
    <subfield code="s">2024-07-11</subfield>
    <subfield code="t">ej 2</subfield>
    <subfield code="w">2021-09-21</subfield>
    <subfield code="y">BK</subfield>
    <subfield code="z">Ocho dias</subfield>
  </datafield>
</record>
